Quizzes
Events
Quiz Creation
Community
Videos
Private Events
Remove Ads
Sign In
Join for FREE
Feedback
Dark Mode
Quiz Categories
Sports
Geography
Music
Movies
Television
Just For Fun
Miscellaneous
History
Literature
Language
Science
Gaming
Entertainment
Religion
Holiday
For Kids
Quiz Lab
Recent
Popular Today
Quiz Kudos Today
Editor Picks
Curator Picks
Quizzes by...
Day
Popularity
Type
Ratings
Length
Year
Community
Subscriptions
Recent Discussions
Orange Saloon
Badges
Playlists
Quests
Create
Leaderboards
Showdown
Live 5
Trivia Bingo
Activity
Puzzle Library
Sporcle Events
Private Events
Virtual Trivia
Globe League
Become a Host
Pub Owners
SporcleCon
Opinionation
Our Games
Videos
Blog
Mobile Apps
Partnerships
Remove Ads and Go Orange
Feedback
Television
TV Characters
TV Show
Sitcom
Network
Friends
Reality Shows
Cast
South Park
Star Trek
The Simpsons
Doctor Who
Television
TV Characters
TV Show
Sitcom
Network
Friends
Reality Shows
Cast
South Park
Star Trek
The Simpsons
Doctor Who
Random Quiz
Search Sporcle
×
Quiz Lab
Quiz Lab
Television
The Simpsons
Type in answers that appear in a list
Type in answers that appear in a list
Classic
Best Score? Go Orange.
Simpsons: Party Posse Stats
Can you name the lyrics to 'Drop da bomb' by Party Posse from the Simpsons episode 'New kids on the Blecch'?
By
magic_torch
6m
148 Questions
93 Plays
93 Plays
93 Plays
Comments
Comments
Give Quiz Kudos
Give Quiz Kudos
-
- Ratings
hide this ad
Replay
Link that replays current quiz
Next Quiz
Link to next quiz in quiz playlist
You Got
0%
They Got
Avg Score
59%
Avg Friend Score
Upgrade to see
Score Distribution
Jump to the score distribution portion of the page
Score
0/148
Timer
06:00
0
Plays Today
Answer
% Correct
the
96.8%
drop
94.6%
bomb.
94.6%
yvan
91.4%
yvan
91.4%
yvan
91.4%
yvan
91.4%
yvan
91.4%
yvan
91.4%
yvan
91.4%
yvan
91.4%
yvan
91.4%
yvan
91.4%
nioj
90.3%
nioj
90.3%
nioj
90.3%
nioj.
90.3%
nioj
90.3%
nioj
90.3%
nioj
90.3%
nioj
90.3%
nioj
90.3%
nioj.
90.3%
da
87.1%
eht
87.1%
eht
87.1%
eht
87.1%
eht
87.1%
eht
87.1%
eht
87.1%
eht
87.1%
eht
87.1%
eht
87.1%
eht
87.1%
to
82.8%
to
82.8%
to
82.8%
to
82.8%
you
81.7%
ya.
81.7%
in
78.5%
in
78.5%
in
78.5%
love
76.3%
love
76.3%
love
76.3%
love.
76.3%
is
75.3%
is
75.3%
that
74.2%
Answer
% Correct
I
72%
of
72%
I
72%
of
72%
of
72%
got
71%
for
71%
why
68.8%
no
68.8%
nation
67.7%
than
67.7%
a
66.7%
Your
66.7%
more
66.7%
that's
66.7%
a
66.7%
a
66.7%
a
66.7%
say
65.6%
far
65.6%
can
64.5%
party
64.5%
deadly
63.4%
There's
62.4%
trouble
62.4%
off
62.4%
get
62.4%
so
62.4%
it
62.4%
get
62.4%
So
62.4%
Oh
60.2%
time
60.2%
formation.
60.2%
Saddam
60.2%
rock.
58.1%
This
57%
it's
55.9%
and
50.5%
and
50.5%
girl
49.5%
girl
49.5%
girl
49.5%
me
49.5%
me
49.5%
happening
48.4%
again
46.2%
mirage
45.2%
sing
45.2%
I'm
41.9%
Answer
% Correct
I'm
41.9%
gonna
41.9%
now
40.9%
from
39.8%
every
38.7%
port
36.6%
here
36.6%
Lets
36.6%
lets
36.6%
up
36.6%
my
36.6%
heart
36.6%
lets
36.6%
But
35.5%
but
35.5%
one
35.5%
sign
34.4%
Springfield
33.3%
phone
33.3%
Barcelona.
32.3%
you're
31.2%
years
31.2%
all
31.2%
all
31.2%
back
29%
back
29%
sweet
29%
Had
28%
four
28%
march
28%
beaches
26.9%
lot
25.8%
night
25.8%
day
24.7%
together
23.7%
miss.
22.6%
hitch
22.6%
Stormed
21.5%
re-enlist
21.5%
tonight.
19.4%
recruit
18.3%
clean
18.3%
re-up
16.1%
don't
11.8%
down
11.8%
They
8.6%
latreens
8.6%
bust
8.6%
Quiz Playlist
Details
Report
Send in Message
Add To Playlist
Classic:
Type in answers that appear in a list
Last Updated: Feb 16, 2017
Quiz Scoreboard
CHALLENGE
Sign Up to Join the Scoreboard
Show All
Scores
Hide
Comments
May contain spoilers
Recently Published
Movies - When Are They Set?
by FPL_Elf
Movies
5m
Popular People in 1961
by mucciniale
History
6m
1-10 Letter E Words III
by El_Dandy
Language
2m
More to Explore
Quiz From the Vault
Featured Blog Post
Where Did the Easter Bunny Come From?
hide this ad
You Might Also Like...
Tags
Lyrics Quiz
Song Quiz
The Simpsons Quiz
bomb
Drop
Navy
Party
posse
Today's Top Quizzes in Television
Browse Television
hide this ad
Today's Top Quizzes in The Simpsons
Browse The Simpsons
Top Contributed Quizzes in Television
1
One Piece Logic Puzzle
2
Survivor Logic Puzzle: Heroes vs. Villains
3
Survivor Seasons
4
Survivor Season by Logo
5
Survivor Trivia
6
One Thing in Common: Television
7
Who Wants to Be a Millionaire?
8
Survivor Logic Puzzle: Winners at War
9
Ultimate Survivor Logic Puzzle
10
Phoebe Buffay Quotes
Explore More
Trending Topics
Anime
Disney
Harry Potter
Marvel
NBA
Crossword
Kpop
Puzzle
The Office
NFL
WWE
Soccer
Country
Song
Pokémon
hide this ad
More By:
magic_torch
Quiz
Plays
Rating
Category
Featured
Created
Buffy Characters A.K.A
649
5.00
Television
Sep 5, 2015
Parks and Rec, The Good Place or Brooklyn Nine Nine
443
2.33
Television
May 14, 2020
Simpsons: Party Posse
93
2.80
Television
Jul 26, 2013
Simpsons: Canyonero
41
1.75
Television
Jul 26, 2013
Go to Creator's Profile
Score Distribution
Quiz Creator Spotlight
magic_torch
Follow
Send a Message
Quizzes Created
-
Created Quiz Play Count
-
More By This Creator
Popular Quizzes Today
1
Find the Countries of Europe - No Outlines Minefield
2
Find the US States - No Outlines Minefield
3
The Countries of the World
4
Popular People in 1961
5
US States
6
1-10 Letter E Words III
7
Find the US States
8
One Thing in Common: World Cities II
More Television Quizzes
TV High schoolers sorting gallery (10 to 1)
Quiz Lab
Trending Quizzes
Risky Map Clicking: Least Populous States A-Z
1-10 Letter F Words
Humor Books: The Subtitles
1-10 Letter G Words
One Thing in Common: United Kingdom
Recently Updated
Leaping Animals
pecheneg
Reality TV Shows (A-Z)
bhenderson79
Rickey Henderson's Hall of Fame Teammates
pecheneg
Champions League XIs: Arsenal
pecheneg
Quick Pick: Celebrities in WWE's Hall of Fame
aduchscher
A-Z Keypad Blitz II
pecheneg
Multiple Oscar Actors
pecheneg
Mystery Phrase Blitz: Oscar 'Best Actors'
pecheneg
F. Scott Fitzgerald Novels
LTH
Pick 3 Villains
ddd62291
Trending Topics
Kpop
Disney
Anime
NBA
Harry Potter
Crossword
Marvel
Country
The Office
WWE
Soccer
NFL
Pokémon
Puzzle
Song
Your Account Isn't Verified!
In order to create a playlist on Sporcle, you need to verify the email address you used during registration. Go to your
Sporcle Settings
to finish the process.
Report this User
Report this user for behavior that violates our
Community Guidelines
.
Details:
Send Report
Go to the Sporcle.com Mobile Site →
Comments